000 00469nam a22001457a 4500
020 _a9788131726990
082 _a620.1 HIB
100 _aHIBBELER, R.C, GUPTA, ASHOK
_927849
245 _aENGINEERING MECHANICS:STATICS AND DYNAMICS, IN SI UNITS
250 _a11TH
260 _aINDIA
_bPEARSON EDUCATION ASIA
_c2010
300 _aX, 838P
650 _aAPPLIED.STATICS AND DYNAMICS. ENGINEERING MECHANICS-STATICS. ENGINEERING MECHANICS- DYNAMICS
_928350
942 _cBK
999 _c512037
_d512037